台湾の苗字ランキングTOP10 - Statistics

General Stats
  • This quiz has been taken 154 times
  • The average score is 4 of 10
Answer Stats
順位 人数 % Correct
5 1,199,920
72%
6 955,035
70%
1 2,618,994
54%
2 1,947,520
51%
4 1,239,880
50%
7 935,684
35%
3 1,402,808
32%
9 684,531
32%
8 737,607
26%
10 617,799
19%
No matching quizzes found
Score Distribution
Percent of People with Each Score
Percentile by Number Answered
Your Score History
You have not taken this quiz